000 00419nam a2200133Ia 4500
005 20260328101455.0
008 260328s9999||||xx |||||||||||||| ||und||
100 _aICOMOS
245 0 _aMonumentos y conjuntos Históricos :
_b Directrices para la Conservación y restauración del Patrimonio Cultural /
_cICOMOS
260 _bCultural Portobelo
300 _a53 p.
650 _aCONSERVACIÓN Y RESTAURACIÓN
942 _cBK
999 _c8801
_d8801